| 000 | 00967cab a2200229 4500 | ||
|---|---|---|---|
| 001 | WB2823-08 | ||
| 008 | 090401t1992 xxu||||| |||| 00| 0 eng d | ||
| 035 | _a(Sirsi) u32817 | ||
| 041 | _aeng | ||
| 245 | 2 | _aA subsidence in performance? | |
| 260 | _c1992 | ||
| 350 | _a0 | ||
| 490 |
_aMoney Week _v(2600 10 June 1992, 20(1) |
||
| 520 | _aPredicts that insurance companies and pension funds which have invested heavily in the commercial property market will suffer from poor investment performance thus making it very difficult to meet bonus payments for policy holders. Advises institutions to re-appraise the role of property in their portfolios and questions the valuation of commercial property. | ||
| 650 | _aINSTITUTIONAL INVESTMENT | ||
| 650 | _aLIFE COMPANIES | ||
| 650 | _aPENSION FUNDS | ||
| 650 | _aPROPERTY PORTFOLIOS | ||
| 690 | _aPROPERTY-COMMERCIAL PROPERTY-COMMERCIAL PROPERTY FINANCE AND INVESTMENT | ||
| 942 | _n0 | ||
| 948 | _c04/03/1997 | ||
| 999 |
_c21931 _d21931 |
||